000 02090nam a2200301Ia 4500
999 _c41445
_d41445
001 8109
003 GE_BSU
005 20240311151634.0
008 181216s2007||||ge |||||||||||||| ||geo||
020 _a9994092178
040 _cGE_BSU
041 _ageo
080 _a821.223.2-91 თ-22
245 _aთათური ფოლკლორი = Татский фольклор : [პოეზია, პროზა /
_cშემდგ. და სპეცრედ. ლია ჩლაიძე ; პწკარედული თარგმ. თათურიდან რუს. ლ. აბრამოვასი, ფილოლ. თარგმ. ქართ. გივი ლუარსაბიშვილისა, რუს. მაია გაიდაროვასი ; მთ. რედ. ნაირა გელაშვილი, გამოც. რედ. : მიხო ბეროშვილი და ლიანა გელოვანი, მხატვ. რედ. ქეთევან ჩლაიძე].
264 _aთბილისი :
_bკავკასიური სახლი,
_c2007.
300 _a160 გვ. ;
_c20 სმ.
490 _aკავკასიის ხალხთა ფოლკლორი
500 _aთავფურ., გარეკანი, ტექსტი ქართულ და რუსულ ენებზე
541 _h7ლ.
653 _aთათური ფოლკლორი
700 _aაბრამოვა, ლ.
_eმთარგმნელი
_921377
700 _aლუარსაბიშვილი, გივი
_eმთარგმნელი
_921378
700 _aგელაშვილი, ნაირა
_eრედაქტორი
_9817
700 _aბეროშვილი, მიხო
_eრედაქტორი
_921379
700 _aგელოვანი, ლიანა
_eრედაქტორი
_921380
700 _aჩლაიძე, ქეთევან
_eრედაქტორი
_921381
942 _cBK
_2udc